Constitución Política de la República: anotaciones y concordancias, índice temático, títulos de artículos del cuerpo del código y de las normas del apéndice
Gespeichert in:
| 1. Verfasser: | |
|---|---|
| Weitere Verfasser: | |
| Format: | Buch |
| Sprache: | Spanisch |
| Veröffentlicht: |
Santiago
Legal Publishing
2017
|
| Ausgabe: | 17a. ed |
| Schriftenreihe: | Colección 2017
|
| Schlagworte: | |
| Tags: |
Tag hinzufügen
Keine Tags, Fügen Sie den ersten Tag hinzu!
|
MARC
| LEADER | 00000cam a2200000 a 4500 | ||
|---|---|---|---|
| 001 | UCD7602 | ||
| 003 | CL-VaPUC | ||
| 008 | 170331e20170000cl |||||||||||||||||spa|d | ||
| 020 | |a 9789563468465 | ||
| 082 | 0 | 4 | |a 342.83 |b BRO |2 21 |
| 100 | |a Bronfman Vargas, Alan Julio |e autor |9 814208 | ||
| 700 | |a Martínez Estay, José Ignacio |e autor |9 602023 | ||
| 245 | 1 | 0 | |a Constitución Política de la República: anotaciones y concordancias, índice temático, títulos de artículos del cuerpo del código y de las normas del apéndice |
| 250 | |a 17a. ed | ||
| 300 | |a 972 p | ||
| 942 | |c BK | ||
| 945 | |d 20170331 00:58:00 |a dcastane | ||
| 260 | |a Santiago |b Legal Publishing |c 2017 | ||
| 500 | |a Edición actualizada al 9 de enero de 2017 | ||
| 650 | 0 | |a Derecho constitucional |9 222588 | |
| 650 | 0 | |a Constitución política |9 336925 | |
| 583 | |a last modification |c 20180316 04:03:30 |k Rodrigo Vera | ||
| 490 | 0 | |a Colección 2017 | |
| 999 | |c 367578 |d 367576 | ||
| 952 | |0 0 |1 0 |3 erb |4 0 |6 342_830000000000000_BRO_2017 |7 0 |8 R |9 482558 |a BIBDER |b BIBDER |i 5371228 |l 6 |o 342.83 BRO 2017 |p 5371228 |r 2024-03-18 |s 2024-03-18 |w 2019-11-24 |y BK_R |z Catalogado en:20170331 |k DER | ||